Economics (Record no. 230360)

MARC details
000 -LEADER
fixed length control field 01638nam a22002297a 4500
005 - DATE AND TIME OF LATEST TRANSACTION
control field 20240314161257.0
008 - FIXED-LENGTH DATA ELEMENTS--GENERAL INFORMATION
fixed length control field 240314b ||||| |||| 00| 0 eng d
020 ## - INTERNATIONAL STANDARD BOOK NUMBER
International Standard Book Number 9781292165592
040 ## - CATALOGING SOURCE
Transcribing agency AL
041 ## - LANGUAGE CODE
Language code of text/sound track or separate title eng
082 ## - DEWEY DECIMAL CLASSIFICATION NUMBER
Edition number 23
Classification number 330
Item number SULE
100 ## - MAIN ENTRY--PERSONAL NAME
Personal name Arthur O Sullivan
9 (RLIN) 154415
245 ## - TITLE STATEMENT
Title Economics
Remainder of title : principles applications and tools
250 ## - EDITION STATEMENT
Edition statement 9th ed.
260 ## - PUBLICATION, DISTRIBUTION, ETC.
Place of publication, distribution, etc. London
Name of publisher, distributor, etc. Pearson
Date of publication, distribution, etc. 2018
300 ## - PHYSICAL DESCRIPTION
Extent 765p.
Other physical details PB
Dimensions 27.5x21.5cm.
365 ## - TRADE PRICE
Source of price type code General
Price type code VBI-2056
Price amount ₹5123.47
Currency code
Unit of pricing ₹6831.00
Price note 25%
Price effective from 26-02-2024
520 ## - SUMMARY, ETC.
Summary, etc. For courses in the Principles of Economics Introduces Students to the Basic Concepts of Economics with Timely, Engaging Stories and Applications Students enter their first economics course hoping to gain a better understanding of the world around them, but often leave with their questions unanswered. Economics: Principles, Applications, and Tools is built upon the author’s philosophy of using basic concepts of economics to explain a wide variety of timely, engaging, real-world economic applications. The 9th Edition incorporates updated figures and data, while also emphasising current topics of interest―including the severe economic downturn of recent years and the latest developments in economic thinking. It also includes newly refined Learning Objectives that introduce the concepts explored in each chapter, along with new applications and chapter-opening stories related to the most up-to-date developments in both macroeconomics and microeconomics.
650 ## - SUBJECT ADDED ENTRY--TOPICAL TERM
Source of heading or term Economics
Topical term or geographic name entry element Economics
9 (RLIN) 154416
700 ## - ADDED ENTRY--PERSONAL NAME
Personal name Sheffrin,Steven M; Perez,Stephen J.
9 (RLIN) 154417
942 ## - ADDED ENTRY ELEMENTS (KOHA)
Source of classification or shelving scheme Dewey Decimal Classification
Koha item type Book
Holdings
Withdrawn status Lost status Source of classification or shelving scheme Damaged status Not for loan Collection code Home library Current library Date acquired Source of acquisition Cost, normal purchase price Total Checkouts Full call number Barcode Date last seen Cost, replacement price Price effective from Koha item type
    Dewey Decimal Classification     Economics St Aloysius PG Library St Aloysius PG Library 03/13/2024 Vidyarthi Books 5123.47   330 SULE PG024705 03/14/2024 6831.00 03/14/2024 Book